English vocabulary in use: upper- intermediate

Uloženo v:
Podrobná bibliografie
Hlavní autoři: McCarthy, Michael (autor), Oï Dell, Felicity (Autor)
Médium: Kniha
Jazyk:angličtina
Vydáno: Cambridge University of Cambridge 2001
Vydání:2a. ed
Témata:
Tagy: Přidat tag
Žádné tagy, Buďte první, kdo vytvoří štítek k tomuto záznamu!

MARC

LEADER 00000nam a2200000 a 4500
001 UCI0865
003 CL-VaPUC
008 070601e20010000uk |||||||||||||||||eng|d
020 |a 0521664357 
082 0 4 |a 423  |b MCC  |2 21 
100 |a McCarthy, Michael  |e autor  |9 599142 
700 |a Oï Dell, Felicity  |e author  |9 521685 
245 1 0 |a English vocabulary in use: upper- intermediate 
250 |a 2a. ed 
300 |a 309 p 
942 |c BK 
945 |d 20070601 00:00:00  |a jtorresc 
260 |a Cambridge  |b University of Cambridge  |c 2001 
650 0 |a Lengua inglesa  |9 318842 
650 0 |a Educación lingüística  |9 306506 
650 0 |a Métodos de enseñanza  |9 270413 
999 |c 325839  |d 325837 
583 |k Rodrigo Vera 
952 |0 0  |1 0  |4 0  |6 423_000000000000000_MCC_2001  |7 0  |8 R  |9 407227  |a BIBEDU  |b BIBEDU  |d 2019-11-22  |i 4344790  |o 423 MCC 2001  |p 4344790  |r 2023-01-13  |w 2019-11-22  |y BK_R  |k LIT 
952 |0 0  |1 0  |4 0  |6 423_000000000000000_MCC_2001  |7 0  |8 R  |9 407228  |a BIBEDU  |b BIBEDU  |d 2019-11-22  |i 4344804  |o 423 MCC 2001  |p 4344804  |r 2023-01-13  |w 2019-11-22  |y BK_R  |k LIT